000 00796nam a2200217 a 4500
001 000041732
005 20201002035725.0
008 131016s2003 sp a 001 0 spa d
020 _a8400081854
040 _aDO-SdBNP
_bspa
_cBNPHU
245 0 0 _aMaduración y Post-Recolección de Frutos y Hortalizas /
_ceditores C. Merodio, M.L. Escribano.
260 _aMadrid :
_bCSIC,
_c2003.
300 _a441 p. :
_bil. ;
_c25 cm.
490 1 _aBiblioteca de ciencias
_v12
504 _aBibliografía : p. 27-28
504 _aIncluye referencias bibliográficas y notas al pie de las páginas
700 1 _aMelodio, C.
_eed.
_968572
700 1 _aEscribano, M. L
_eed.
_968573
710 2 _aConsejo Superior de Investigaciones Científicas (España)
_915178
830 0 _aBiblioteca de ciencias
_c12
_938842
999 _c41221
_d41221